Представление документа в формате RUSMARC

ПолеНазваниеЗначение
  Тип записи a
  Библиографический уровень a
001 Контрольный номер RU/CBS_UL/BASE/db2523562c5e4ef9bbcadabbdc96a649
005 Дата корректировки 20260417184444.0
100 Данные общей обработки __
a Данные общей обработки 20260417 ||| 0rusy0189 ca
101 Язык документа 0_
a Язык текста rus
102 Страна публикации __
a Страна публикации RU
200 Заглавие и сведения об ответственности 1_
a Заглавие Земля и небо. Свидание в музее
e Сведения, относящиеся к заглавию [о выставке "Марк Шагал. Радость земного притяжения" в ГМИИ им. А.С. Пушкина]
f Первые сведения об ответственности К. Васильева
300 Общие примечания __
a Общие примечания 16+
461 Уровень набора _0
1 2000
a Эскиз
463 Уровень физической единицы _0
1 2000
a № 4
v С. 2-5 : фот.
1 2101
d 2026
1 001RU/CBS_UL/BASE/d045a3fc6b5e41e1893d1ceaaae7b5b5
600 Персоналии _1
a Персоналии (Фамилия) Шагал
b Персоналии (Имя, инициалы) М.З.
606 Тематические рубрики 0_
a Основная рубрика Шагал, Марк Захарович (1887-1985) - Выставки
606 Тематические рубрики 0_
a Основная рубрика Государственный музей изобразительных искусств им. А.С. Пушкина (Москва, город) - Выставки
610 Ключевые слова 0_
a Ключевые слова художники, художники русские, художники французские, выставки, выставки картин, музеи, Государственный музей изобразительных искусств им. А.С. Пушкина, музейные выставки
686 Индексы других классификаций __
2 Код системы rubbk
a Классификационный индекс 85.143(2)6
a Классификационный индекс 79.2
700 Автор _1
a Фамилия Васильева
b Имя (инициалы) К.
801 Источник записи _0
a Страна RU
b Организация МБУК ЦБС г. Ульяновска
c Дата составления 20260417
g Правила каталогизации RCR
801 Источник записи _1
a Страна RU
b Организация МБУК ЦБС г. Ульяновска
c Дата составления 20260417
g Правила каталогизации RCR
901 Тип документа __
t Тип документа b
w Контрольный № источника RU/CBS_UL/BASE/d045a3fc6b5e41e1893d1ceaaae7b5b5
909 Создатель записи __
a Создатель записи lib1